[Event "SpeedChess Final 2024"]
[Site "Paris FRA"]
[Date "2024.09.06"]
[Round "1.5"]
[White "Nakamura,Hi"]
[Black "Firouzja,Alireza"]
[Result "1-0"]
[WhiteElo "2802"]
[BlackElo "2767"]

1.e4 e5 2.Nf3 Nc6 3.Bb5 Nf6 4.d3 Bc5 5.c3 O-O 6.Nbd2 d5 7.Qe2 dxe4 8.dxe4 a5
9.a4 Qe7 10.O-O h6 11.Nb3 Bb6 12.Be3 Bxe3 13.Qxe3 Na7 14.Be2 Nc6 15.Rfd1 Be6
16.Nfd2 b6 17.Bb5 Na7 18.Bc4 Bxc4 19.Nxc4 Qe6 20.Qe2 Rfd8 21.Nbd2 Nc6 22.Nf1 Rxd1
23.Rxd1 Rd8 24.Rxd8+ Nxd8 25.f3 Nb7 26.Nfe3 Nc5 27.Qd1 Qd7 28.Qxd7 Nfxd7
29.Nd5 Nxa4 30.Nxc7 f6 31.Kf1 Ndc5 32.Ke2 h5 33.Kd2 Nb3+ 34.Kc2 Na1+ 35.Kb1 Nb3
36.Ka2 Nc1+ 37.Ka3 Nc5 38.Nxb6 N1d3 39.Ncd5 Kf7 40.Ne3 g5 41.Nbc4 a4 42.Nb6 g4
43.Nxa4 Nxa4 44.Kxa4 gxf3 45.gxf3 Nxb2+ 46.Kb5 Ke6 47.c4 Nd3 48.c5 Ne1 49.c6  1-0

[Event "SpeedChess Final 2024"]
[Site "Paris FRA"]
[Date "2024.09.06"]
[Round "1.4"]
[White "Firouzja,Alireza"]
[Black "Nakamura,Hi"]
[Result "1-0"]
[WhiteElo "2767"]
[BlackElo "2802"]

1.e4 e5 2.Nf3 Nc6 3.Bb5 a6 4.Ba4 Bc5 5.c3 Nge7 6.d4 exd4 7.cxd4 Bb4+ 8.Nc3 d5
9.e5 Bg4 10.a3 Ba5 11.Be3 O-O 12.h3 Bxf3 13.Qxf3 f6 14.exf6 Rxf6 15.Qd1 Nf5
16.b4 Nxe3 17.fxe3 Nxb4 18.axb4 Bxb4 19.Qb3 Qd6 20.O-O-O Bxc3 21.Qxc3 Rf2
22.Rd2 Raf8 23.Rhd1 Qg3 24.Rxf2 Rxf2 25.Rd2 Rf1+ 26.Bd1 Re1 27.Re2 Rxe2 28.Bxe2 Qxg2
29.Kd2 c6 30.Qb4 Qxh3 31.Qxb7 Qe6 32.Qxa6 g6 33.Bb5 Kg7 34.Qxc6 Qe7 35.Qxd5 Qb4+
36.Ke2 Qb2+ 37.Kf3 Qb1 38.Qe5+ Kh6 39.Be2 Qe1 40.d5 g5 41.Qf6+ Kh5 42.Qf7+ Kh6
43.Qe6+ Kg7 44.d6 h5 45.Qe5+ Kg6 46.Bd3+  1-0

[Event "SpeedChess Final 2024"]
[Site "Paris FRA"]
[Date "2024.09.06"]
[Round "1.1"]
[White "Nakamura,Hi"]
[Black "Firouzja,Alireza"]
[Result "1-0"]
[WhiteElo "2802"]
[BlackElo "2767"]

1.d4 Nf6 2.c4 g6 3.f3 Bg7 4.e4 d6 5.Nc3 O-O 6.Bg5 c5 7.d5 a6 8.a4 e6 9.Qd2 exd5
10.cxd5 Nbd7 11.Nh3 Qa5 12.Ra3 Ne5 13.Nf2 Qb4 14.Qc2 Bd7 15.Bd2 Nc4 16.Rb3 Nxd2
17.Rxb4 cxb4 18.Qxd2 bxc3 19.bxc3 Bxa4 20.c4 Nd7 21.Qb4 Nc5 22.Nd3 a5 23.Qa3 Bd7
24.Nxc5 dxc5 25.Be2 Rfb8 26.Kf2 Bd4+ 27.Kg3 b5 28.cxb5 Bxb5 29.Bxb5 Rxb5
30.Qa4 Rb4 31.Qc6 Rab8 32.Re1 R4b6 33.Qa4 Bc3 34.Re2 Rb4 35.Qc6 Be5+ 36.Kh3 c4
37.g3 c3 38.f4 Rb2 39.Re1 Bd4 40.d6 c2 41.d7 Rb1 42.Qxc2 Rxe1 43.Qc8+ Rxc8
44.dxc8=Q+ Kg7 45.e5 Re2 46.Qc4 Rd2 47.Qc7 Bg1 48.e6 Rxh2+ 49.Kg4 h5+ 50.Kg5  1-0

[Event "SpeedChess Final 2024"]
[Site "Paris FRA"]
[Date "2024.09.06"]
[Round "1.2"]
[White "Firouzja,Alireza"]
[Black "Nakamura,Hi"]
[Result "1/2-1/2"]
[WhiteElo "2767"]
[BlackElo "2802"]

1.e4 e5 2.Nf3 Nc6 3.Bb5 a6 4.Ba4 Bc5 5.c3 Nge7 6.d4 exd4 7.cxd4 Bb4+ 8.Nc3 d5
9.e5 Bg4 10.a3 Ba5 11.Be3 b5 12.Bc2 Bb6 13.h3 Bxf3 14.gxf3 Qd7 15.f4 g6 16.a4 O-O
17.h4 Nb4 18.a5 Ba7 19.Bb1 Rad8 20.Ne2 c5 21.Ra3 Nbc6 22.h5 b4 23.Ra1 Nf5
24.Bxf5 Qxf5 25.Ng3 Qd7 26.dxc5 d4 27.Ne4 f5 28.Nd6 dxe3 29.Qd5+ Kg7 30.hxg6 hxg6
31.e6 exf2+ 32.Kf1 Qe7 33.Rd1 Rh8 34.Rxh8 Rxh8 35.Qxc6 Qxe6 36.Qb7+ Kg8 37.Nxf5 Qc4+
38.Kg2 f1=Q+ 39.Rxf1 Qc2+ 40.Kf3 Qxf5 41.Qa8+ Kg7 42.Qxa7+ Kg8 43.Qa8+ Kg7
44.Qb7+ Kg8 45.Qb8+ Kf7 46.Qc7+ Kg8 47.Qb8+ Kg7 48.Qe5+ Qxe5 49.fxe5 Rh2
50.Ke4 Rxb2 51.e6 b3 52.c6 Rc2 53.Kd5 b2 54.e7 Rd2+ 55.Kc5 Rc2+ 56.Kd6 Rd2+
57.Kc5 Rc2+ 58.Kd4 Rf2 59.Rb1 Kf7 60.Re1 Ke8 61.Kc3 Rf6 62.c7 Rc6+ 63.Kxb2 Rxc7
64.Re6 g5 65.Rxa6 Rc5 66.Re6 Rxa5 67.Kc3 Ra7 68.Kd4 Rxe7 69.Rxe7+ Kxe7 70.Ke5 g4
71.Kf4 g3 72.Kxg3  1/2-1/2

[Event "SpeedChess Final 2024"]
[Site "Paris FRA"]
[Date "2024.09.06"]
[Round "1.15"]
[White "Nakamura,Hi"]
[Black "Firouzja,Alireza"]
[Result "0-1"]
[WhiteElo "2802"]
[BlackElo "2767"]

1.e4 e5 2.Nf3 Nc6 3.Bb5 Nf6 4.d3 Bc5 5.c3 O-O 6.O-O Re8 7.Nbd2 a6 8.Ba4 d5
9.h3 b5 10.Bc2 dxe4 11.dxe4 Bb6 12.Qe2 h6 13.Rd1 Qe7 14.Nf1 Be6 15.Ng3 Red8
16.Be3 Rxd1+ 17.Rxd1 Rd8 18.Bxb6 cxb6 19.a3 Rxd1+ 20.Qxd1 Qc7 21.b4 Ne7 22.Bb3 Bxb3
23.Qxb3 Ng6 24.Qc2 Nf4 25.Qd2 g6 26.Qe3 Kg7 27.Nd2 h5 28.Nf3 Qd6 29.Kh2 Qc7
30.Nf1 Qd6 31.N1d2 Nd7 32.c4 bxc4 33.Nxc4 Qc7 34.Ncd2 Ne6 35.Qd3 b5 36.g3 Nb6
37.Kg2 Kf6 38.Qe3 Qd8 39.Qc3 Qc7 40.Qa1 Na4 41.Nf1 Qc3 42.Qd1 Nb2 43.Qd6 Nc4
44.Qxa6 Qc2 45.Qa8 Kg7 46.Qd5 Qc3 47.Qxb5 Qxf3+ 48.Kxf3 Nd4+ 49.Kg2 Nxb5
50.a4 Nc3 51.a5 Na2 52.a6 Nxb4 53.a7 Nb6 54.Ne3 Nc6 55.Nc4 Na8 56.Kf3 f6  0-1

[Event "SpeedChess Final 2024"]
[Site "Paris FRA"]
[Date "2024.09.06"]
[Round "1.16"]
[White "Firouzja,Alireza"]
[Black "Nakamura,Hi"]
[Result "1-0"]
[WhiteElo "2767"]
[BlackElo "2802"]

1.e4 e5 2.Nf3 Nc6 3.Bb5 a6 4.Ba4 Bc5 5.O-O Nge7 6.Nxe5 Nxe5 7.d4 b5 8.Bb3 Bxd4
9.Qxd4 d6 10.f4 c5 11.Qd2 N5g6 12.c4 Nc6 13.Nc3 Nd4 14.Qf2 Ne7 15.f5 Nec6
16.Qg3 Rg8 17.Bg5 Qd7 18.Rae1 bxc4 19.Ba4 Kf8 20.Nd5 f6 21.Bf4 Qb7 22.Bxd6+ Kf7
23.Bxc5 Rd8 24.Nb6 Rb8 25.Nxc4 Kg8 26.Qe3 Nb5 27.e5 Nxe5 28.Nxe5  1-0

[Event "SpeedChess Final 2024"]
[Site "Paris FRA"]
[Date "2024.09.06"]
[Round "1.17"]
[White "Nakamura,Hi"]
[Black "Firouzja,Alireza"]
[Result "1/2-1/2"]
[WhiteElo "2802"]
[BlackElo "2767"]

1.d4 Nf6 2.c4 e6 3.Nc3 Bb4 4.e3 b6 5.Bd2 Bb7 6.Nge2 O-O 7.a3 Be7 8.Nf4 d5
9.cxd5 Nxd5 10.Nfxd5 exd5 11.Bd3 c6 12.O-O Ba6 13.Bxa6 Nxa6 14.Qa4 Qc8 15.Rfc1 Qb7
16.Ne2 c5 17.dxc5 Nxc5 18.Qd1 Rac8 19.Rc2 Ne4 20.Rac1 Bf6 21.Bb4 Rxc2 22.Qxc2 Re8
23.b3 a5 24.Be1 h6 25.Qc6 Qxc6 26.Rxc6 Re6 27.Rc8+ Kh7 28.Nf4 Rd6 29.f3 Nc5
30.b4 axb4 31.axb4 Ne6 32.Nd3 Rd7 33.Rc6 Ra7 34.Kf1 Ra3 35.Nf2 Rxe3 36.Ng4 Rb3
37.Nxf6+ gxf6 38.Rxb6 d4 39.Rd6 Kg6 40.Bd2 h5 41.h4 f5 42.Ke2 Kf6 43.Rd5 Rxb4
44.Rxf5+ Kxf5 45.Bxb4 Nf4+ 46.Kf1 Ng6 47.g3 Ke6 48.Ke2 f5 49.Kf2 Kd5 50.g4 fxg4
51.fxg4 hxg4 52.h5 Ne5 53.Kg3 Ke4 54.h6 Nf7 55.h7 Kf5 56.Bc5 Kg6 57.Bxd4 Kxh7
58.Kxg4  1/2-1/2

[Event "SpeedChess Final 2024"]
[Site "Paris FRA"]
[Date "2024.09.06"]
[Round "1.18"]
[White "Firouzja,Alireza"]
[Black "Nakamura,Hi"]
[Result "1-0"]
[WhiteElo "2767"]
[BlackElo "2802"]

1.e4 c5 2.Nf3 e6 3.d4 cxd4 4.Nxd4 a6 5.c4 Nf6 6.Nc3 Qc7 7.a3 d6 8.Be3 b6
9.Rc1 Bb7 10.f3 Nbd7 11.Be2 Rc8 12.O-O Be7 13.b4 O-O 14.Nb3 Rfd8 15.Qd2 Qb8
16.Rfd1 d5 17.cxd5 exd5 18.exd5 Bd6 19.g3 Be5 20.Nd4 g6 21.f4 Bd6 22.Bf3 Nf8
23.Qe2 Re8 24.Nc6 Qa8 25.Qd3 N8d7 26.Bf2 a5 27.Nb5 Ba6 28.bxa5 bxa5 29.a4 h5
30.Qd4 Bf8 31.d6 Bb7 32.Nc7 Bxc6 33.Bxc6 Qb8 34.Rb1  1-0

[Event "SpeedChess Final 2024"]
[Site "Paris FRA"]
[Date "2024.09.06"]
[Round "1.19"]
[White "Nakamura,Hi"]
[Black "Firouzja,Alireza"]
[Result "1/2-1/2"]
[WhiteElo "2802"]
[BlackElo "2767"]

1.Nf3 Nf6 2.e3 d5 3.b3 e6 4.Bb2 Be7 5.c4 O-O 6.g3 b6 7.Bg2 Bb7 8.cxd5 Nxd5
9.O-O c5 10.d3 Nb4 11.Ne1 Bxg2 12.Kxg2 Qd5+ 13.e4 Qd7 14.a3 N4c6 15.Qe2 Nd4
16.Bxd4 Qxd4 17.Ra2 Nc6 18.Nf3 Qd7 19.Nc3 Rad8 20.Rd1 Bf6 21.Nb1 Bd4 22.Rc2 e5
23.Nbd2 Qe6 24.h4 h6 25.h5 f5 26.Nh4 fxe4 27.Nxe4 Qxb3 28.Rdd2 Qd5 29.Qg4 Qd7
30.Qxd7 Rxd7 31.Ng6 Rfd8 32.Re2 Ne7 33.f4 Nxg6 34.hxg6 exf4 35.gxf4 Rf8 36.Kg3 Re7
37.Nd6 Rd7 38.Nf7 Bf6 39.Re3 Rfxf7 40.gxf7+ Kxf7 41.a4 Kg6 42.Kf3 Kf5 43.Rh2 Rd4
44.a5 Rxf4+ 45.Kg3 Rg4+ 46.Kf3 Rf4+ 47.Ke2 bxa5 48.Re8 c4 49.dxc4 Rxc4 50.Rf2+ Kg6
51.Kd1 a4 52.Ra8 Rg4 53.Rxa7 Bd4 54.Ra6+ Kh7 55.Re2 Bf6 56.Re8 Rg1+ 57.Ke2 Rg4
58.Rea8 Kg6 59.Rxa4 Rxa4 60.Rxa4 h5 61.Kf3 Kf5 62.Ra5+ Kg6 63.Kf4 Be7 64.Ra6+ Bf6
65.Rb6 h4 66.Kg4 Kf7 67.Rb5 Ke6 68.Rb6+ Kd5 69.Ra6 Ke4 70.Ra4+ Kd3 71.Ra6 Kc4
72.Ra7 Kd5 73.Ra6 Ke5 74.Ra4 Kd5 75.Ra6  1/2-1/2

[Event "SpeedChess Final 2024"]
[Site "Paris FRA"]
[Date "2024.09.06"]
[Round "1.20"]
[White "Firouzja,Alireza"]
[Black "Nakamura,Hi"]
[Result "1-0"]
[WhiteElo "2767"]
[BlackElo "2802"]

1.e4 e5 2.Nf3 Nc6 3.Bb5 a6 4.Ba4 g6 5.c3 Bg7 6.O-O d6 7.d4 Bd7 8.h3 Nge7
9.Re1 O-O 10.Be3 h6 11.Nbd2 g5 12.dxe5 dxe5 13.Nf1 Qc8 14.Ng3 g4 15.hxg4 Bxg4
16.Bc5 Rd8 17.Qe2 Ng6 18.Qe3 Na5 19.Bb3 Nf4 20.Rad1 Nxb3 21.axb3 Qe6 22.c4 b5
23.cxb5 axb5 24.Bb4 Rd7 25.Rxd7 Qxd7 26.Bc3 Qe6 27.Nh4 Rd8 28.Nhf5 b4 29.Bxb4 Nd3
30.Be7 Rd7 31.Ra1 Nf4 32.Bb4 Rd3 33.Qc5 Rd8 34.Bc3 Bf6 35.Qxc7 Rc8 36.Qb7 Qc6
37.Qxc6 Rxc6 38.Bxe5 Bxe5 39.Ne7+  1-0

[Event "SpeedChess Final 2024"]
[Site "Paris FRA"]
[Date "2024.09.06"]
[Round "1.21"]
[White "Nakamura,Hi"]
[Black "Firouzja,Alireza"]
[Result "1-0"]
[WhiteElo "2802"]
[BlackElo "2767"]

1.e4 c5 2.Nc3 Nc6 3.f4 e6 4.Nf3 a6 5.d4 cxd4 6.Nxd4 d6 7.Be3 Nf6 8.Qf3 Bd7
9.O-O-O Qc7 10.g4 h6 11.Rg1 Be7 12.h4 h5 13.g5 Ng4 14.Bh3 Nxe3 15.Qxe3 g6
16.f5 Qb6 17.Rge1 Nxd4 18.Rxd4 Rc8 19.Qd2 Rc5 20.e5 d5 21.fxg6 fxg6 22.Qd3 Rg8
23.Rf4 Qa5 24.Ref1 Qc7 25.Kb1 Rc4 26.Rxc4 Qxc4 27.Qxc4 dxc4 28.Ne4 Bc6 29.Bxe6 Rf8
30.Nf6+ Kd8 31.Rd1+ Kc7 32.Bxc4 Bc5 33.Bd3 Rd8 34.Rf1 Rd4 35.Bxg6 Rxh4 36.Bxh5 Rh2
37.a3 Rg2 38.g6 Bd4 39.e6 Kd6 40.Ng4 Bd5 41.Rd1 Kc5 42.c3 Bg7 43.Rxd5+ Kxd5
44.Ne3+ Kxe6 45.Nxg2 Kf6 46.Ne3 Kg5 47.Bf3 Kxg6 48.Bxb7 Kf6 49.Bxa6 Ke5 50.Kc2 Kf4
51.Kd3 Ke5 52.a4 Bh6 53.a5 Kd6 54.Bc4 Kc7 55.b4 Kb7 56.Nd5 Ka7 57.b5 Bf8
58.b6+ Kb7 59.Bb5 Kc8 60.a6 Bd6 61.Bc6 Kd8 62.a7 Bb8 63.a8=Q Kc8 64.Qb7+  1-0

[Event "SpeedChess Final 2024"]
[Site "Paris FRA"]
[Date "2024.09.06"]
[Round "1.22"]
[White "Firouzja,Alireza"]
[Black "Nakamura,Hi"]
[Result "1-0"]
[WhiteElo "2767"]
[BlackElo "2802"]

1.e4 d5 2.exd5 Qxd5 3.Nc3 Qa5 4.d4 c6 5.Nf3 Bf5 6.Bc4 e6 7.Bd2 Nf6 8.Nd5 Qd8
9.Nxf6+ gxf6 10.c3 Nd7 11.Nh4 Bg6 12.Qe2 Nb6 13.Bb3 Qc7 14.O-O O-O-O 15.f4 Bd6
16.Kh1 f5 17.a4 Kb8 18.a5 Nd7 19.a6 b6 20.Nf3 Nf6 21.Ne5 Ne4 22.Ba4 Bxe5
23.fxe5 c5 24.Be3 h5 25.Bc2 Qc6 26.Rf4 cxd4 27.Bxd4 h4 28.Bxe4 fxe4 29.h3 e3
30.Qxe3 Rdg8 31.Qf3 Qxf3 32.gxf3 Bf5 33.Rg1 Rxg1+ 34.Bxg1 Kc7 35.Bf2 Kc6
36.Rxh4 Rxh4 37.Bxh4 Bxh3 38.Kg1 Bf1 39.Kxf1  1-0

[Event "SpeedChess Final 2024"]
[Site "Paris FRA"]
[Date "2024.09.06"]
[Round "1.23"]
[White "Nakamura,Hi"]
[Black "Firouzja,Alireza"]
[Result "1-0"]
[WhiteElo "2802"]
[BlackElo "2767"]

1.e4 e5 2.Nc3 Nf6 3.f4 d5 4.fxe5 Nxe4 5.Qf3 Nc6 6.Bb5 Nxc3 7.dxc3 Be6 8.Ne2 Bc5
9.Be3 Bxe3 10.Qxe3 Qh4+ 11.g3 Qe7 12.Nd4 Bd7 13.Bxc6 bxc6 14.O-O-O O-O 15.Rhe1 Rfe8
16.Nb3 Bf5 17.Qc5 Qg5+ 18.Kb1 Bg4 19.Rc1 Bd7 20.Nd4 Qg6 21.c4 dxc4 22.Qxc4 Rab8
23.b3 h6 24.Re3 Rb6 25.Rce1 Be6 26.Qc5 Bd5 27.Kb2 Qg5 28.c4 Bg2 29.Qa5 Rd8
30.Qc3 c5 31.Ne2 Bh3 32.Nf4 Be6 33.Rd3 Rxd3 34.Qxd3 Rb8 35.Qe3 Qe7 36.Nd3 Bxc4
37.Qxc5 Qxc5 38.Nxc5 Bd5 39.Na6 Rc8 40.Rc1 c6 41.Nb4 Re8 42.Re1 f6 43.Nd3 Kf7
44.Kc3 fxe5 45.Nxe5+ Kg8 46.Kd4 Rf8 47.Re2 Rf1 48.Rc2 Rd1+ 49.Kc5 Be4 50.Re2 Rd5+
51.Kc4 Rxe5 52.Kd4 Rd5+ 53.Kxe4 Kf7 54.Rc2 Rd6 55.Rc5 Rd2 56.Ra5 Rxh2 57.Rxa7+ Ke6
58.a4 Rb2 59.Rb7 g5 60.a5 Ra2 61.b4 h5 62.Rb6 Kd7 63.Kf5 h4 64.g4 h3 65.Kxg5 h2
66.Rb7+ Ke6 67.Rh7 c5 68.bxc5 Kd5 69.a6 Kxc5 70.a7 Kd4 71.Rxh2 Rxa7 72.Kg6 Ra6+
73.Kh5 Ra8 74.Re2 Kd3 75.Re6 Kd4 76.g5 Kd5 77.Re2 Rh8+ 78.Kg6 Rg8+ 79.Kh6 Rh8+
80.Kg7 Ra8 81.g6 Ra7+ 82.Kh6 Ra8 83.g7 Ra6+ 84.Kh7 Ra7 85.Kh8 Ra8+ 86.g8=Q+ Rxg8+
87.Kxg8 Kd4 88.Kf7 Kd3 89.Re6 Kc4 90.Kf6 Kc3 91.Ke5 Kb2 92.Rd6 Kc3 93.Rd4 Kc2
94.Ke4 Kc3 95.Ke3 Kc2 96.Rc4+ Kb2 97.Kd3 Kb1 98.Kd2 Kb2 99.Rb4+ Ka3 100.Kc3 Ka2
101.Rb3 Ka1 102.Kc2  1-0

[Event "SpeedChess Final 2024"]
[Site "Paris FRA"]
[Date "2024.09.06"]
[Round "1.24"]
[White "Firouzja,Alireza"]
[Black "Nakamura,Hi"]
[Result "1/2-1/2"]
[WhiteElo "2767"]
[BlackElo "2802"]

1.e4 d5 2.exd5 Qxd5 3.Nc3 Qd8 4.d4 Nf6 5.Nf3 a6 6.Bc4 b5 7.Bb3 e6 8.O-O Bb7
9.Re1 Be7 10.h3 O-O 11.Bf4 b4 12.Na4 Nbd7 13.Qe2 a5 14.Rad1 Nd5 15.Bg3 Bc6
16.c4 bxc3 17.Nxc3 Bb4 18.Rc1 Nxc3 19.bxc3 Ba3 20.Rcd1 Nb6 21.Ne5 Be8 22.Bc2 Be7
23.c4 Bb4 24.Rf1 f6 25.Nc6 Qd7 26.d5 exd5 27.cxd5 Bf7 28.a3 Bd6 29.Bf5 Qe8
30.Qd3 Nxd5 31.Bxh7+ Kh8 32.Be4 Qxc6 33.Bxd5 Qxd5 34.Qxd5 Bxd5 35.Rxd5 Bxa3
36.Ra1 Bb4 37.Bxc7 Rf7 38.Bd6 Bxd6 39.Rxd6 a4 40.Ra3 Rfa7 41.Rd4 Kh7 42.f4 Kg8
43.g4 Kh7 44.Kg2 Kg8 45.Kg3 Kh7 46.Kg2 Kg8 47.h4 Kh7 48.h5 Kh6 49.Kg3 Kh7
50.Kh4 Kh6 51.g5+ fxg5+ 52.fxg5+ Kh7 53.Kg4 Ra5 54.Rd7 R8a7 55.Rd4 Ra8 56.Re4 R5a7
57.Rd4 Ra5  1/2-1/2

[Event "SpeedChess Final 2024"]
[Site "Paris FRA"]
[Date "2024.09.06"]
[Round "1.25"]
[White "Nakamura,Hi"]
[Black "Firouzja,Alireza"]
[Result "1-0"]
[WhiteElo "2802"]
[BlackElo "2767"]

1.e4 e5 2.Nc3 Nf6 3.Bc4 Nxe4 4.Qh5 Nd6 5.Bb3 Be7 6.Qxe5 O-O 7.Nf3 Nc6 8.Qf4 Na5
9.O-O b5 10.Nd5 Bb7 11.Nxe7+ Qxe7 12.Re1 Qf6 13.Qxf6 gxf6 14.Nh4 Rfe8 15.Kf1 Rxe1+
16.Kxe1 Re8+ 17.Kf1 c5 18.d3 c4 19.dxc4 Ndxc4 20.f3 d5 21.Nf5 Bc8 22.Nd4 Bd7
23.Bxc4 Nxc4 24.b3 Nd6 25.Bf4 Nf5 26.Ne2 b4 27.Kf2 Bb5 28.Ng1 Rc8 29.Rc1 Nd4
30.Bd6 Rxc2+ 31.Rxc2 Nxc2 32.Nh3 d4 33.Bf4 d3 34.Bd2 Kf8 35.Nf4 Ke7 36.Nd5+ Ke6
37.Nc7+ Kd7 38.Nxb5 a6 39.Nd4 Nxd4 40.Ke3 Nc6 41.Kxd3 Kd6 42.Kc4 a5 43.Bf4+ Kd7
44.Kb5 h5 45.Bg3 f5 46.Bf2 f4 47.h4 Ne5 48.Kxa5 Nd3 49.Bd4 Kc6 50.Ba7 f5
51.Bg1 Kd6 52.Kb5 Kd5 53.Ba7 Ne1 54.Kxb4 Nxg2 55.Bf2 Ne3 56.a4 Ng4 57.fxg4 fxg4
58.a5 g3 59.Be1 Ke4 60.a6 Kf3 61.a7 Ke2 62.Bxg3 fxg3 63.a8=Q  1-0

[Event "SpeedChess Final 2024"]
[Site "Paris FRA"]
[Date "2024.09.06"]
[Round "1.26"]
[White "Firouzja,Alireza"]
[Black "Nakamura,Hi"]
[Result "1/2-1/2"]
[WhiteElo "2767"]
[BlackElo "2802"]

1.e4 d5 2.exd5 Qxd5 3.Nc3 Qa5 4.d4 c6 5.Bc4 Nf6 6.Nf3 Bf5 7.Ne5 e6 8.g4 Bg6
9.h4 Nbd7 10.Nxd7 Nxd7 11.h5 Be4 12.O-O Bd5 13.Nxd5 cxd5 14.Bd3 Bd6 15.Qf3 O-O
16.c3 Rae8 17.Re1 Qd8 18.Kg2 e5 19.Qxd5 Nf6 20.Qf3 exd4 21.Bg5 Be5 22.c4 h6
23.Bh4 Qc8 24.Qf5 Qxf5 25.Bxf5 d3 26.Rad1 Bxb2 27.Rxe8 Rxe8 28.Rxd3 b6 29.Bxf6 Bxf6
30.Rd7 a5 31.Rd6 Rb8 32.Rc6 Bd4 33.Rc8+ Rxc8 34.Bxc8 Bc5 35.Bd7 Kf8 36.f4 Ke7
37.Bb5 f6 38.Kf3 Kd6 39.Ke4 Bb4 40.Kf5 Bd2 41.Kg6 Bc1 42.f5 Bg5 43.Kxg7 Kc5
44.Kg6 Kd6 45.Kf7 Kc5 46.Ke6 Bh4 47.Kd7 Bg5 48.Kc7 Bh4 49.Kd7 Bg5 50.Ke6 Bh4
51.a4 Bg5 52.Kf7 Bh4 53.Kg6 Bg5 54.Kg7 Kd6 55.Kg8 Kc5 56.Kf7 Kd6 57.Ke8 Kc5
58.Kd8 Bh4 59.Kd7 Bg5 60.Kc8 Bh4 61.Kb7 Bg5 62.Kc7 Bh4 63.Kd7 Bg5 64.Bc6 Bh4
65.Bb5  1/2-1/2

[Event "SpeedChess Final 2024"]
[Site "Paris FRA"]
[Date "2024.09.06"]
[Round "1.27"]
[White "Nakamura,Hi"]
[Black "Firouzja,Alireza"]
[Result "1/2-1/2"]
[WhiteElo "2802"]
[BlackElo "2767"]

1.e4 e5 2.Nc3 Nf6 3.f4 d5 4.fxe5 Nxe4 5.Qf3 Nc6 6.Bb5 Nxc3 7.dxc3 Qh4+ 8.g3 Qe4+
9.Qxe4 dxe4 10.Be3 Bd7 11.Bxc6 Bxc6 12.Ne2 O-O-O 13.Rf1 Rd7 14.Nf4 Be7 15.Nh5 g6
16.Nf6 Bxf6 17.Rxf6 Re8 18.Bd4 Re6 19.Rf4 b6 20.O-O-O Bd5 21.Rdf1 c5 22.Be3 Rxe5
23.g4 Be6 24.h3 f5 25.gxf5 Rxf5 26.h4 Rdf7 27.b3 Rxf4 28.Rxf4 Rxf4 29.Bxf4 Kd7
30.Kd2 c4 31.Ke3 Kc6 32.Kxe4 Bf5+ 33.Kd4 b5 34.bxc4 bxc4 35.Kxc4 Bxc2 36.a3 a6
37.Kb4 Bd3 38.c4 Be2 39.Kc3 Bf1 40.Kd4 Be2 41.Be3 Bg4 42.Bf4 Bf5 43.Be3 Be6
44.Bf4 Bf7 45.Be3 Bg8 46.Bf4 Be6 47.Be3 Bc8 48.Bf4 Bb7 49.Be3 h5 50.Bf4 Bc8
51.Be3 Bd7 52.Bg5 Be6 53.Be3 Bf5 54.Bg5 Bg4 55.Be3 Bh3 56.Bg5 Kd7 57.Be3 Bg2
58.Bg5 Bf1 59.Be3 Be2 60.Bg5 Bd1 61.Be3 Bc2 62.Bg5 Bb1 63.Be3 Ba2 64.Bg5 Bb3
65.Be3 Bc2 66.Bg5 Bd1 67.Be3 Kc8 68.Bg5 a5 69.Kc3 a4 70.Kd4 Kd7 71.Kc3 Kc6
72.Kd4 Bc2 73.Kc3 Bb3 74.Kd4 Kd6 75.Be3 Kd7 76.Bg5 Kc6 77.Be3 Bd1 78.Bg5 Bc2
79.Be3 g5 80.Bxg5 Bb3 81.Be3 Bd1 82.Bg5 Bg4 83.Be3 Bf5 84.Bg5 Bg6 85.Be3 Bf7
86.Bg5 Be8 87.Be3 Bd7 88.Bg5 Be6 89.Be3 Bf7 90.Bg5 Bg8 91.Be3 Bh7 92.Bg5 Bg6
93.Be3 Bf7  1/2-1/2

[Event "SpeedChess Final 2024"]
[Site "Paris FRA"]
[Date "2024.09.07"]
[Round "2.23"]
[White "Nakamura,Hi"]
[Black "Niemann,Hans Moke"]
[Result "1-0"]
[WhiteElo "2802"]
[BlackElo "2733"]

1.Nf3 Nf6 2.e3 d5 3.c4 e6 4.b3 c5 5.Bb2 Nc6 6.cxd5 exd5 7.Be2 d4 8.Bb5 Bd6
9.Na3 O-O 10.Bxc6 bxc6 11.Nc4 Bc7 12.O-O Re8 13.h3 Bf5 14.exd4 cxd4 15.Nxd4 Be4
16.d3 Bd5 17.Re1 Qd7 18.Nf3 Rxe1+ 19.Nxe1 Re8 20.Bxf6 gxf6 21.Qg4+ Qxg4 22.hxg4 Re2
23.Kf1 Re8 24.Nc2 Rd8 25.N2e3 Be6 26.Ke2 Kg7 27.f3 Kg6 28.Rh1 Bf4 29.Rh5 Bg5
30.g3 f5 31.Ne5+ Kf6 32.f4  1-0

[Event "SpeedChess Final 2024"]
[Site "Paris FRA"]
[Date "2024.09.07"]
[Round "2.15"]
[White "Nakamura,Hi"]
[Black "Niemann,Hans Moke"]
[Result "1-0"]
[WhiteElo "2802"]
[BlackElo "2733"]

1.Nf3 d5 2.e3 Nf6 3.c4 c6 4.Nc3 a6 5.Qc2 g6 6.b3 Bg7 7.Bb2 O-O 8.d4 Bf5 9.Bd3 Bxd3
10.Qxd3 Nbd7 11.O-O e6 12.Rac1 Re8 13.Rfd1 Qe7 14.e4 dxe4 15.Nxe4 Nxe4 16.Qxe4 Rad8
17.Qe2 Nf6 18.Rd3 Nh5 19.g3 Bf6 20.Rcd1 Ng7 21.g4 Qc7 22.h3 h5 23.Qe4 Rd7
24.Ne5 Rd6 25.Bc1 Qa5 26.Bd2 Qxa2 27.Qf4 Qc2 28.Qxf6 Qxd1+ 29.Kg2  1-0

[Event "SpeedChess Final 2024"]
[Site "Paris FRA"]
[Date "2024.09.07"]
[Round "2.14"]
[White "Niemann,Hans Moke"]
[Black "Nakamura,Hi"]
[Result "0-1"]
[WhiteElo "2733"]
[BlackElo "2802"]

1.e4 e5 2.Nf3 Nc6 3.Bb5 Nf6 4.d3 Bc5 5.c3 O-O 6.Bg5 Be7 7.Nbd2 d6 8.O-O Ng4
9.Bxe7 Qxe7 10.d4 Nb8 11.h3 Nf6 12.Re1 b6 13.Nf1 Bb7 14.Ng3 g6 15.Qd2 a6
16.Bc4 b5 17.Bb3 Nbd7 18.Qh6 c5 19.Ng5 c4 20.Bc2 Rfe8 21.Nf3 Qf8 22.Qd2 Rad8
23.a4 h6 24.axb5 axb5 25.Ra7 Rb8 26.Nh4 Red8 27.d5 Re8 28.Rf1 Nh7 29.Qe3 Qg7
30.Rfa1 Nc5 31.R1a5 Bc8 32.Rc7 Bd7 33.Raa7 Nf6 34.Qe1 Rec8 35.Rxc8+ Rxc8
36.Nf3 Qf8 37.Qa1 Rb8 38.Qe1 Qd8 39.Qe3 Kg7 40.Nxe5 Qb6 41.Nxd7 Ncxd7 42.Qxb6 Rxb6
43.f4 b4 44.Ne2 bxc3 45.bxc3 Rb2 46.Nd4 Nc5 47.Ne6+ Kg8 48.Ra8+ Kh7 49.Nxc5 Rxc2
50.e5 dxe5 51.d6 exf4 52.Ra7 Kg7 53.Ne6+ Kg8 54.Nd4 Rxc3 55.d7 Nxd7 56.Rxd7 Rd3
57.Kf2 c3 58.Rd8+ Kh7 59.Rd7 c2 60.Rxf7+ Kg8 61.Rc7 Rxd4 62.Rxc2 Rd3 63.Rc7 g5
64.Ke2 Rb3 65.Kf2 Re3 66.Rb7 Kf8 67.Rh7 Re6 68.Kf3 Kg8 69.Rc7 h5 70.Rc5 Re3+
71.Kf2 Rg3 72.h4 Kg7 73.hxg5 Kg6 74.Rc8 Ra3 75.Rg8+ Kf7 76.Rh8 Kg6 77.Rg8+ Kf5
78.g6 Kg4 79.g7 Ra7 80.Rc8 Rxg7 81.Rc4 Ra7 82.Rc2 Ra3 83.Rb2 h4 84.Rd2 h3
85.gxh3+ Rxh3 86.Rd7 Rh2+ 87.Kg1 Re2 88.Rd3 Re3 89.Rxe3 fxe3 90.Kf1 Kf3 91.Ke1 e2  0-1

[Event "SpeedChess Final 2024"]
[Site "Paris FRA"]
[Date "2024.09.07"]
[Round "2.12"]
[White "Niemann,Hans Moke"]
[Black "Nakamura,Hi"]
[Result "1/2-1/2"]
[WhiteElo "2733"]
[BlackElo "2802"]

1.d4 d5 2.c4 e6 3.Nc3 a6 4.cxd5 exd5 5.Nf3 c6 6.Bf4 Bd6 7.Bg3 Ne7 8.e3 Bf5
9.Nh4 Bg6 10.Qb3 Ra7 11.Be2 O-O 12.O-O Bxg3 13.hxg3 Nd7 14.Qa3 Nf6 15.b4 Ra8
16.Qb2 Ne8 17.a4 Nd6 18.b5 a5 19.Nxg6 hxg6 20.Rfc1 Qd7 21.Rab1 Rfc8 22.bxc6 Rxc6
23.Nb5 Ne4 24.Bd3 Rac8 25.Rxc6 Nxc6 26.Bxe4 dxe4 27.Rc1 Nb4 28.Rxc8+ Qxc8
29.Qc3 Qg4 30.Qd2 Nd5 31.Nd6 Qd7 32.Nb5 Qg4 33.Qc1 Qd7 34.Qc2 Nb6 35.Qb3 Qd5
36.Qxd5 Nxd5 37.Nd6 b6 38.Nxe4 f5 39.Nd6 Nc3 40.Nc4 Nxa4 41.Kf1 Kf7 42.Ke2 Ke6
43.Kd3 Kd5 44.f3 g5 45.e4+ fxe4+ 46.fxe4+ Kc6 47.g4 g6 48.g3 Kc7 49.Kc2 b5
50.Nxa5 Nb6 51.Kd3 Kd6 52.Nb7+ Kc6 53.Nd8+ Kd7 54.Nf7 b4 55.Ne5+ Ke6 56.Nc4 Na4
57.Kc2 Nc3 58.Nd2 Ne2 59.Kd3 Nxg3 60.Ke3 Nf5+ 61.gxf5+ gxf5 62.exf5+ Kxf5
63.Kd3 g4 64.Nf1 b3 65.Kc3 Ke4 66.Ng3+ Kd5 67.Ne2 g3 68.Kxb3 g2 69.Kc3 Ke4
70.Kd2 g1=Q 71.Nxg1 Kxd4  1/2-1/2

[Event "SpeedChess Final 2024"]
[Site "Paris FRA"]
[Date "2024.09.07"]
[Round "2.11"]
[White "Nakamura,Hi"]
[Black "Niemann,Hans Moke"]
[Result "1-0"]
[WhiteElo "2802"]
[BlackElo "2733"]

1.Nf3 Nf6 2.e3 g6 3.c4 Bg7 4.b3 O-O 5.Bb2 c5 6.g3 b6 7.Bg2 Bb7 8.O-O d6 9.Qe2 e5
10.d3 Nbd7 11.Nc3 h6 12.Rfe1 Re8 13.Nxe5 Bxg2 14.Nxd7 Bc6 15.Nxf6+ Qxf6 16.Na4 Qg5
17.Bxg7 Kxg7 18.Nc3 Qf6 19.Rac1 Bf3 20.Qb2 Re5 21.e4 Qg5 22.Nb1 Qf6 23.Nd2 Bg4
24.f4 Re7 25.Qxf6+ Kxf6 26.Nb1 Bd7 27.Nc3 Bc6 28.Kf2 a6 29.a4 Kg7 30.Rb1 a5
31.Rbd1 Rae8 32.Re2 Bd7 33.Rde1 Bg4 34.Re3 Rb7 35.Kg2 Bd7 36.h3 Bc6 37.Kf2 h5
38.R3e2 Rbe7 39.Rg1 Rh8 40.Rg2 Ree8 41.Rh2 Bd7 42.Kf3 f5 43.Nd5 Bc6 44.Re3 Bxd5
45.cxd5 Re7 46.Rhe2 Rhe8 47.g4 fxe4+ 48.dxe4 hxg4+ 49.hxg4 g5 50.fxg5 Kg6
51.Rh2 Kxg5 52.Rh5+ Kg6 53.Kf4 Rf7+ 54.Rf5 Rh7 55.e5 Rh1 56.exd6 Rf1+ 57.Rf3 Rd1
58.Kg3 Rd8 59.Rf6+ Kg7 60.Rf7+ Kg8 61.R7f6 Rxd5 62.Rg6+ Kh7 63.Rff6 Re8 64.Re6 Rd8
65.Kf4 Rf8+ 66.Rgf6 Rxf6+ 67.Rxf6 Kg7 68.g5 Rd3 69.Ke5 Re3+ 70.Kd5 Rd3+ 71.Kc6  1-0

[Event "SpeedChess Final 2024"]
[Site "Paris FRA"]
[Date "2024.09.07"]
[Round "2.10"]
[White "Niemann,Hans Moke"]
[Black "Nakamura,Hi"]
[Result "0-1"]
[WhiteElo "2733"]
[BlackElo "2802"]

1.e4 e5 2.Nf3 Nc6 3.Bb5 Nf6 4.d3 Bc5 5.c3 O-O 6.Bg5 Re8 7.O-O h6 8.Bh4 a6
9.Ba4 Bf8 10.Nbd2 d6 11.d4 Bd7 12.Re1 Be7 13.h3 Nh7 14.Bg3 Bf6 15.dxe5 Nxe5
16.Nxe5 dxe5 17.Bxd7 Qxd7 18.Nc4 Qe6 19.Qd5 Nf8 20.Rad1 Rac8 21.Na5 Rb8 22.Qxe6 Rxe6
23.Rd5 b6 24.Nc4 Rbe8 25.Red1 Ng6 26.Kf1 Rc6 27.Ne3 h5 28.f3 Bg5 29.Nf5 h4
30.Bf2 Nf4 31.Rd7 g6 32.Ne3 Ne6 33.Ng4 Nf8 34.R7d5 Rce6 35.Ke2 b5 36.Bc5 c6
37.R5d3 Be7 38.Bxe7 R8xe7 39.Rd8 Kg7 40.Ra8 Nd7 41.Rxa6 f5 42.Nf2 Nf6 43.Ra8 Nh5
44.Nd3 Ng3+ 45.Ke3 Rd6 46.Kd2 fxe4 47.fxe4 Nxe4+ 48.Kc2 Ng3 49.Nf2 Rxd1 50.Nxd1 Nf5
51.Kd3 e4+ 52.Ke2 e3  0-1